Every Premier League Goalscorer (2019/20) - Statistics

General Stats
  • This quiz has been taken 1,299 times
    931 since last reset
  • The average score is 106 of 262
Answer Stats
Player % Correct
Pierre-Emerick Aubameyang
92%
Son Heung-min
90%
Alexandre Lacazette
86%
Mohamed Salah
82%
Jamie Vardy
80%
Sadio Mané
80%
Sergio Agüero
80%
Harry Kane
79%
Kevin De Bruyne
78%
Raheem Sterling
78%
Bernardo Silva
77%
David Silva
77%
Gabriel Jesus
77%
Riyad Mahrez
77%
Roberto Firmino
77%
Marcus Rashford
76%
Nicolas Pépé
76%
Virgil van Dijk
76%
Andrew Robertson
74%
Anthony Martial
74%
Bruno Fernandes
72%
Christian Pulisic
72%
Willian
72%
Daniel James
70%
Granit Xhaka
70%
Jordan Henderson
70%
Richarlison
69%
Wilfried Zaha
69%
David Luiz
68%
Mason Mount
68%
Trent Alexander-Arnold
68%
Chris Wood
67%
Georginio Wijnaldum
67%
Scott McTominay
67%
Tammy Abraham
67%
Teemu Pukki
67%
Callum Wilson
66%
Douglas Luiz
66%
Harry Wilson
66%
İlkay Gündoğan
66%
Jack Grealish
66%
Rodri
66%
Danny Ings
65%
Sokratis Papastathopoulos
65%
Jorginho
64%
Naby Keïta
64%
N'Golo Kanté
63%
Phil Foden
63%
Bukayo Saka
62%
Divock Origi
62%
Dominic Calvert-Lewin
62%
Joël Matip
62%
Xherdan Shaqiri
62%
Harry Maguire
61%
Victor Lindelöf
61%
Ashley Barnes
60%
Harvey Barnes
60%
Jordan Ayew
60%
Kyle Walker
60%
Olivier Giroud
60%
Raúl Jiménez
60%
Ayoze Pérez
59%
James Maddison
59%
Miguel Almirón
59%
Neal Maupay
59%
Aymeric Laporte
58%
Gabriel Martinelli
58%
Fabinho
57%
James Milner
57%
César Azpilicueta
56%
Dele Alli
56%
Michail Antonio
56%
Kieran Tierney
55%
Mateo Kovačić
55%
Joshua King
54%
Diogo Jota
53%
Lucas Moura
53%
Paul Pogba
53%
Antonio Rüdiger
52%
Curtis Jones
52%
Jan Vertonghen
52%
Marcos Alonso
52%
Mason Greenwood
52%
Nicolás Otamendi
52%
Christian Eriksen
51%
Gylfi Sigurðsson
51%
Mesut Özil
51%
Troy Deeney
51%
Wilfred Ndidi
51%
Yerry Mina
50%
John McGinn
49%
Ricardo Pereira
49%
Trézéguet
49%
Toby Alderweireld
48%
Andreas Pereira
47%
Ismaïla Sarr
47%
Jonny Evans
47%
Lucas Torreira
47%
Youri Tielemans
47%
Leandro Trossard
45%
Rúben Neves
45%
Tomáš Souček
45%
Cédric Soares
44%
Joelinton
44%
Alex Iwobi
43%
Çağlar Söyüncü
43%
Kelechi Iheanacho
43%
Christian Benteke
42%
Erik Lamela
42%
Héctor Bellerín
42%
Moise Kean
42%
Adama Traoré
41%
Serge Aurier
41%
Andriy Yarmolenko
40%
Jay Rodriguez
40%
João Moutinho
40%
Lewis Dunk
40%
Shane Long
40%
Todd Cantwell
40%
Anwar El Ghazi
39%
Emi Buendía
39%
Fabian Schär
39%
Tyrone Mings
39%
Declan Rice
38%
Moussa Sissoko
38%
Oliver McBurnie
38%
Tanguy Ndombele
38%
Ben Chilwell
37%
James Ward-Prowse
37%
Pascal Groß
37%
Pedro
37%
Allan Saint-Maximin
36%
Cenk Tosun
36%
James Tarkowski
36%
Pedro Neto
36%
Wesley
36%
Ché Adams
35%
Javier Hernández
35%
Luka Milivojević
35%
Steve Cook
35%
Bernard
34%
Dwight McNeil
34%
Matt Doherty
34%
Ryan Fraser
34%
Stuart Armstrong
34%
Alex Oxlade-Chamberlain
33%
Jarrod Bowen
33%
Steven Bergwijn
33%
Jesse Lingard
32%
Leander Dendoncker
32%
Nathan Aké
32%
Onel Hernández
32%
Romain Saïss
32%
Ben Mee
31%
Eddie Nketiah
31%
Michael Keane
31%
Jan Bednarek
30%
Mark Noble
30%
Matty Longstaff
30%
Sean Longstaff
30%
Sébastien Haller
30%
Aaron Mooy
29%
Callum Hudson-Odoi
29%
Cheikhou Kouyaté
29%
David McGoldrick
29%
Federico Fernández
29%
Jonjo Shelvey
29%
Sander Berge
29%
Adam Lallana
28%
Calum Chambers
28%
Jefferson Lerma
28%
Michy Batshuayi
28%
David Brooks
27%
DeAndre Yedlin
27%
Jeffrey Schlupp
27%
Matěj Vydra
27%
Patrick van Aanholt
27%
Brandon Williams
26%
Danny Welbeck
26%
Dominic Solanke
26%
Ezri Konsa
26%
Joe Willock
26%
Jóhann Berg Guðmundsson
26%
Jonny
26%
Ross Barkley
26%
Theo Walcott
26%
Tom Davies
26%
Angelo Ogbonna
25%
Jamaal Lascelles
25%
Ashley Westwood
24%
Matt Ritchie
24%
Matt Targett
24%
Pablo Fornals
24%
Philip Billing
24%
Shane Duffy
24%
Yves Bissouma
24%
Aaron Cresswell
23%
Billy Sharp
23%
Dennis Praet
23%
Jannik Vestergaard
23%
John Egan
23%
Reiss Nelson
23%
Lys Mousset
22%
Ahmed Elmohamady
21%
Daniel Podence
21%
Fabián Balbuena
21%
Fikayo Tomori
21%
Jeff Hendrick
21%
John Fleck
21%
John Lundstram
21%
Mbwana Samatta
21%
Abdoulaye Doucouré
20%
Andre Gray
20%
Andros Townsend
20%
Conor Hourihane
20%
Demarai Gray
20%
Felipe Anderson
20%
Robert Snodgrass
20%
Aaron Connolly
19%
Ciaran Clark
19%
Enda Stevens
19%
George Baldock
19%
Glenn Murray
19%
Issa Diop
19%
Jamal Lewis
19%
Adam Webster
18%
James Tomkins
18%
Nathan Redmond
18%
Oliver Norwood
18%
Robbie Brady
18%
Moussa Djenepo
17%
Alireza Jahanbakhsh
16%
Gerard Deulofeu
16%
Jack Stephens
16%
Junior Stanislas
16%
Chris Mepham
15%
Florin Andone
14%
Jetro Willems
14%
Kortney Hause
14%
Roberto Pereyra
14%
Björn Engels
13%
Craig Dawson
13%
Dan Gosling
13%
Davy Pröpper
13%
Dwight Gayle
13%
Isaac Hayden
13%
Will Hughes
13%
Valentino Lazaro
12%
Alexander Tettey
11%
Florian Lejeune
11%
Kenny McLean
11%
Patrick Cutrone
11%
Ryan Bertrand
11%
Mario Vrančić
10%
Adam Masina
9%
Callum Robinson
9%
Tom Cleverley
8%
Josip Drmić
7%
Michael Obafemi
7%
Connor Wickham
5%
Hamza Choudhury
5%
Dennis Srbeny
3%
No matching quizzes found
Score Distribution
Percent of People with Each Score
Percentile by Number Answered
Your Score History
You have not taken this quiz since the last reset